000 00608nam a2200133Ia 4500
008 171212s9999 xx 000 0 und d
020 _a9780874216547
100 _aAllen-Yazzie, Christine
245 _cAllen-Yazzie, Christine
_aArc and the Sediment
_ba Novel
260 _bUniversity Press of Colorado
_c2007
650 _aLanguage & Literature
650 _aWomen alcoholics -- Fiction; Women authors -- Fiction; Interracial marriage -- Fiction; Separated people -- Fiction; Navajo Indians -- Fiction; Voyages and travels -- Fiction; Deserts -- Fiction
856 _uwww.jstor.org/stable/10.2307/j.ctt4cgqfz
999 _c353033
_d353033